MARC details
| 000 -LEADER |
| fixed length control field |
01297cam a2200397 a 4500 |
| 001 - CONTROL NUMBER |
| control field |
2387 |
| 003 - CONTROL NUMBER IDENTIFIER |
| control field |
BD-DhEWU |
| 005 - DATE AND TIME OF LATEST TRANSACTION |
| control field |
20140615205057.0 |
| 008 - FIXED-LENGTH DATA ELEMENTS--GENERAL INFORMATION |
| fixed length control field |
890620s1990 nyua g b 001 0 eng d |
| 020 ## - INTERNATIONAL STANDARD BOOK NUMBER |
| International Standard Book Number |
0070370478 |
|
| International Standard Book Number |
9780070370470 |
|
| International Standard Book Number |
0071006982 |
| 035 ## - SYSTEM CONTROL NUMBER |
| System control number |
(OCoLC)20014974 |
| 040 ## - CATALOGING SOURCE |
| Original cataloging agency |
DLC |
| Transcribing agency |
DLC |
| Modifying agency |
DLC |
| -- |
BD-DhEWU |
| Language of cataloging |
eng |
| 041 ## - LANGUAGE CODE |
| Language code of text/sound track or separate title |
eng |
| 050 00 - LIBRARY OF CONGRESS CALL NUMBER |
| Classification number |
HD39.5 |
| Item number |
.D62 1990 |
| 082 04 - DEWEY DECIMAL CLASSIFICATION NUMBER |
| Classification number |
658.7 |
| Edition number |
22 |
| Item number |
DOP 1990 |
| 100 1# - MAIN ENTRY--PERSONAL NAME |
| Personal name |
Dobler, Donald W. |
| 9 (RLIN) |
12045 |
| 245 10 - TITLE STATEMENT |
| Title |
Purchasing and materials management : |
| Remainder of title |
text and cases / |
| Statement of responsibility, etc |
Donald W. Dobler, David N. Burt, Lamar Lee, Jr. |
| 250 ## - EDITION STATEMENT |
| Edition statement |
5th ed. |
| 260 ## - PUBLICATION, DISTRIBUTION, ETC. (IMPRINT) |
| Place of publication, distribution, etc |
New York : |
| Name of publisher, distributor, etc |
McGraw-Hill Pub. Co., |
| Date of publication, distribution, etc |
c1990. |
| 300 ## - PHYSICAL DESCRIPTION |
| Extent |
xix, 843 p. : |
| Other physical details |
ill. ; |
| Dimensions |
24 cm. |
| 490 #0 - SERIES STATEMENT |
| Series statement |
McGraw-Hill series in marketing. |
| 500 ## - GENERAL NOTE |
| General note |
|
| 504 ## - BIBLIOGRAPHY, ETC. NOTE |
| Bibliography, etc |
Includes bibliographical references and index. |
| 526 ## - STUDY PROGRAM INFORMATION NOTE |
| Program name |
BA |
| 590 ## - LOCAL NOTE (RLIN) |
| Local note |
Saifun Momota |
| 650 #0 - SUBJECT ADDED ENTRY--TOPICAL TERM |
| Topical term or geographic name as entry element |
Industrial procurement. |
| 9 (RLIN) |
5245 |
|
| Topical term or geographic name as entry element |
Purchasing. |
| 9 (RLIN) |
12046 |
|
| Topical term or geographic name as entry element |
Materials management. |
| 9 (RLIN) |
5248 |
| 700 1# - ADDED ENTRY--PERSONAL NAME |
| Personal name |
Burt, David N. |
| 9 (RLIN) |
12047 |
|
| Personal name |
Lee, Lamar. |
| 9 (RLIN) |
12048 |
| 856 ## - ELECTRONIC LOCATION AND ACCESS |
| Materials specified |
WorldCat details |
| Uniform Resource Identifier |
http://www.worldcat.org/title/purchasing-and-materials-management-text-and-cases/oclc/20014974&referer=brief_results |
| 942 ## - ADDED ENTRY ELEMENTS (KOHA) |
| Source of classification or shelving scheme |
Dewey Decimal Classification |
| Koha item type |
Text |